[Event "Zlin Region-chT 2223"]
[Site "Czech Republic"]
[Date "2023.03.19"]
[Round "10.6"]
[White "Vavra, Antonin"]
[Black "Palica, Jiri"]
[Result "0-1"]
[WhiteElo "1852"]
[BlackElo "1874"]
[PlyCount "106"]
[EventDate "2022.10.09"]
[EventType "team-tourn"]
[EventRounds "11"]
[EventCountry "CZE"]
[SourceTitle "EXT 2024"]
[Source "ChessBase"]
[SourceDate "2023.10.10"]
[SourceVersion "1"]
[SourceVersionDate "2023.10.10"]
[SourceQuality "1"]
[WhiteTeam "Stare Mesto  III"]
[BlackTeam "Zlin II"]
[WhiteTeamCountry "CZE"]
[BlackTeamCountry "CZE"]

1. d4 g6 2. g3 Bg7 3. Bg2 Nf6 4. e4 d6 5. c3 0-0 6. Ne2 c5 7. 0-0 cxd4 8. cxd4 Nc6 9. Nbc3 Bd7 10. a3 Qc8 11. Re1 Rb8 12. Bg5 h6 13. Bd2 b5 14. Rc1 Qa6 15. Na2 Qb6 16. Bc3 a5 17. d5 Ne5 18. Bd4 Qb7 19. Bxe5 dxe5 20. b4 a4 21. Rc5 Rfc8 22. Nec1 Ne8 23. Nd3 Nd6 24. Qa1 Nc4 25. Qc1 Bf8 26. Rxc8 Qxc8 27. Bf1 e6 28. Nc3 f6 29. Qa1 exd5 30. Nxd5 Qd8 31. Rd1 Kg7 32. Nb2 Nd6 33. Bg2 Be6 34. Ne3 Qb6 35. Nd5 Qb7 36. Qb1 Rc8 37. Rc1 Rc6 38. h4 Qc8 39. Re1 h5 40. Nd3 Nc4 41. Qa1 Nd2 42. Nxe5 Nb3 43. Qb2 Rc2 44. Qb1 fxe5 45. Bf1 Nd4 46. Bg2 Bh3 47. Ne3 Bxg2 48. Nxc2 Qh3 49. f4 Qxg3 50. Re3 Nf3+ 51. Rxf3 Bxf3+ 52. Kf1 Qg2+ 53. Ke1 Qe2# 0-1

[Event "Zlin Region-chT 2223"]
[Site "Czech Republic"]
[Date "2022.10.09"]
[Round "1.5"]
[White "Peterka, Josef"]
[Black "Vavra, Antonin"]
[Result "1/2-1/2"]
[WhiteElo "1846"]
[BlackElo "1849"]
[PlyCount "85"]
[EventDate "2022.10.09"]
[EventType "team-tourn"]
[EventRounds "11"]
[EventCountry "CZE"]
[SourceTitle "EXT 2024"]
[Source "ChessBase"]
[SourceDate "2023.10.10"]
[SourceVersion "1"]
[SourceVersionDate "2023.10.10"]
[SourceQuality "1"]
[WhiteTeam "Valasska Bystrice Sokol"]
[BlackTeam "Stare Mesto  III"]
[WhiteTeamCountry "CZE"]
[BlackTeamCountry "CZE"]

1. d4 Nf6 2. e3 g6 3. Bd3 Bg7 4. Nd2 0-0 5. c3 d6 6. Qc2 e5 7. Ne2 Nc6 8. b3 a5 9. Bb2 Bd7 10. 0-0 Rb8 11. a4 Nh5 12. Bb5 exd4 13. exd4 Bf5 14. Bd3 Bxd3 15. Qxd3 d5 16. Rae1 Qd6 17. Nf3 b6 18. Bc1 Rfe8 19. g3 Nf6 20. Bf4 Qd7 21. Ne5 Nxe5 22. Bxe5 Nh5 23. Bxg7 Kxg7 24. Qd2 Re4 25. f3 Re6 26. Nf4 Nxf4 27. Qxf4 Rbe8 28. Qd2 Qe7 29. Kf2 Qa3 30. Rxe6 Rxe6 31. Qc2 f5 32. Rd1 h5 33. Rd2 Qa1 34. Rd1 Qa3 35. Rd2 Kf7 36. Qb2 Qd6 37. Re2 g5 38. Rxe6 Qxe6 39. Qe2 f4 40. Qxe6+ Kxe6 41. gxf4 gxf4 42. Ke2 Kd6 43. Kd3 1/2-1/2

[Event "CZE-chT2E 1819"]
[Site "Czech Republic"]
[Date "2018.10.14"]
[Round "1.7"]
[White "Petrik, Petr"]
[Black "Vavra, Antonin"]
[Result "0-1"]
[WhiteElo "2049"]
[BlackElo "1931"]
[PlyCount "79"]
[EventDate "2018.10.14"]
[EventType "team-tourn"]
[EventRounds "11"]
[EventCountry "CZE"]
[SourceTitle "EXT 2022"]
[Source "ChessBase"]
[SourceDate "2021.10.06"]
[SourceVersion "1"]
[SourceVersionDate "2021.10.06"]
[SourceQuality "1"]
[WhiteTeam "Kromeriz Slavia II"]
[BlackTeam "Stare Mesto II"]
[WhiteTeamCountry "CZE"]
[BlackTeamCountry "CZE"]

1. e4 c5 2. Nf3 d6 3. d4 cxd4 4. Nxd4 Nf6 5. Nc3 a6 6. Bg5 e6 7. Qd2 Be7 8. 0-0-0 Qc7 9. Be2 0-0 10. f4 Nbd7 11. g4 b5 12. a3 Bb7 13. Bf3 Rfd8 14. h4 Nc5 15. Bxf6 Bxf6 16. g5 Be7 17. h5 e5 18. Nf5 Ne6 19. g6 Nxf4 20. gxh7+ Kxh7 21. Rdg1 Bf6 22. Rg4 Bc8 23. Nd5 Nxd5 24. Qxd5 Bxf5 25. exf5 Rac8 26. Qb3 d5 27. Bd1 e4 28. Kb1 Qe5 29. h6 g6 30. fxg6+ fxg6 31. Rhg1 Rg8 32. c3 Rc4 33. Be2 Rc6 34. a4 bxa4 35. Qxa4 Qc7 36. R1g3 Rb6 37. Qa2 Be5 38. Rh3 Rgb8 39. Bxa6 Rxb2+ 40. Qxb2 0-1

[Event "CZE-chT2E 1718"]
[Site "Czech Republic"]
[Date "2018.04.08"]
[Round "11.8"]
[White "Javor, Jan"]
[Black "Vavra, Antonin"]
[Result "0-1"]
[WhiteElo "1830"]
[BlackElo "1935"]
[PlyCount "150"]
[EventDate "2017.10.15"]
[EventType "team-tourn"]
[EventRounds "11"]
[EventCountry "CZE"]
[SourceTitle "EXT 2022"]
[Source "ChessBase"]
[SourceDate "2021.10.06"]
[SourceVersion "1"]
[SourceVersionDate "2021.10.06"]
[SourceQuality "1"]
[WhiteTeam "Vlcnov"]
[BlackTeam "Stare Mesto II"]
[WhiteTeamCountry "CZE"]
[BlackTeamCountry "CZE"]

1. e4 c5 2. Nf3 a6 3. d4 cxd4 4. Nxd4 d6 5. Nc3 Nf6 6. Be2 e6 7. 0-0 Qc7 8. Be3 b5 9. a3 Bb7 10. Qd3 Nbd7 11. f3 Ne5 12. Qd2 Nc4 13. Bxc4 Qxc4 14. b3 Qc7 15. Nce2 Be7 16. c4 bxc4 17. bxc4 0-0 18. Rfc1 Rfc8 19. a4 Bc6 20. a5 Nd7 21. Rab1 Rab8 22. Qa2 Nc5 23. g4 Bd7 24. Kg2 Nd3 25. Rxb8 Rxb8 26. Rb1 Rxb1 27. Qxb1 Ne5 28. Qb6 Bd8 29. Qxa6 Nxc4 30. Bf2 Nxa5 31. Nb5 Bxb5 32. Qxb5 Qc6 33. Qb8 Nb7 34. Nd4 Qc7 35. Qa8 h6 36. h4 Kh7 37. h5 Qd7 38. Qa2 Bf6 39. Qc2 Kg8 40. Qc4 Bxd4 41. Qxd4 d5 42. exd5 exd5 43. Qe5 Nd8 44. Qb8 d4 45. Bg3 Kh7 46. Qb1+ d3 47. Kf2 Qd4+ 48. Kf1 Qe3 49. Qd1 Qd4 50. Bf2 Qc4 51. Be3 Nc6 52. Ke1 Nb4 53. Qd2 Nc6 54. Qc1 Qd5 55. Kf2 Ne5 56. Qd1 Nc4 57. Qb1 Ne5 58. Qd1 Kg8 59. Bf4 Nc4 60. Be3 f5 61. Qa4 Qe6 62. Qa7 d2 63. Bxd2 Nxd2 64. gxf5 Qf7 65. Qd4 Nb3 66. Qe5 Nd2 67. Qd4 Qxh5 68. Qxd2 Qh2+ 69. Ke3 Qxd2+ 70. Kxd2 Kf7 71. Ke3 Kf6 72. Kf4 h5 73. Ke4 Kg5 74. Ke5 h4 75. f4+ Kg4 0-1

[Event "CZE-chT2E 1718"]
[Site "Czech Republic"]
[Date "2017.10.15"]
[Round "1.8"]
[White "Vavra, Antonin"]
[Black "Vavra, Michal"]
[Result "1/2-1/2"]
[WhiteElo "1935"]
[BlackElo "1987"]
[PlyCount "76"]
[EventDate "2017.10.15"]
[EventType "team-tourn"]
[EventRounds "11"]
[EventCountry "CZE"]
[SourceTitle "EXT 2022"]
[Source "ChessBase"]
[SourceDate "2021.10.06"]
[SourceVersion "1"]
[SourceVersionDate "2021.10.06"]
[SourceQuality "1"]
[WhiteTeam "Stare Mesto II"]
[BlackTeam "Brno Moravska Slavia II"]
[WhiteTeamCountry "CZE"]
[BlackTeamCountry "CZE"]

1. e4 c5 2. Nf3 d6 3. d4 cxd4 4. Nxd4 Nf6 5. Nc3 g6 6. g3 Bg7 7. Bg2 0-0 8. 0-0 a6 9. h3 Qc7 10. Bg5 Be6 11. Qd2 Bc4 12. Rfe1 Nbd7 13. b3 Be6 14. Nd5 Bxd5 15. exd5 Rfe8 16. c4 Qb6 17. Rad1 Rac8 18. Re2 a5 19. Be3 Nc5 20. Nb5 Qd8 21. Bd4 a4 22. b4 Ncd7 23. Rc1 Nh5 24. c5 Bxd4 25. Qxd4 dxc5 26. bxc5 Qa5 27. Rb2 Ng7 28. g4 h5 29. Bf1 Red8 30. Rbc2 Nb8 31. a3 Rd7 32. Qe5 Qd8 33. Bg2 hxg4 34. hxg4 Ne8 35. Qf4 Rxd5 36. Bxd5 Qxd5 37. Qxa4 Nf6 38. Qf4 Na6 1/2-1/2

[Event "Stare Mesto op"]
[Site "Stare Mesto"]
[Date "2016.08.06"]
[Round "2"]
[White "Koutny, Petr"]
[Black "Vavra, Antonin"]
[Result "1-0"]
[WhiteElo "2147"]
[BlackElo "1940"]
[PlyCount "109"]
[EventDate "2016.08.05"]
[EventType "swiss"]
[EventRounds "10"]
[EventCountry "CZE"]
[SourceTitle "CBM 173 Extra"]
[Source "ChessBase"]
[SourceDate "2016.08.29"]
[SourceVersion "1"]
[SourceVersionDate "2016.08.29"]
[SourceQuality "1"]

1. e4 d5 2. exd5 Qxd5 3. Nc3 Qa5 4. d4 Nf6 5. Nf3 Bg4 6. h3 Bh5 7. Bc4 Qb4 8. Qe2 Bxf3 9. gxf3 c6 10. Bd2 Qd6 11. 0-0-0 Nd5 12. Ne4 Qc7 13. Bb3 a5 14. a3 h6 15. Kb1 Nd7 16. c4 Nf4 17. Bxf4 Qxf4 18. d5 c5 19. Ba4 b6 20. Rhg1 0-0-0 21. Rg4 Qc7 22. Bxd7+ Rxd7 23. Nc3 h5 24. Re4 Rh6 25. f4 Kb7 26. f5 Ka6 27. Nb5 Qb7 28. Rh4 g6 29. fxg6 Rxg6 30. Rxh5 e6 31. f4 Bg7 32. Rg5 Rxg5 33. fxg5 Qa8 34. Re1 Qh8 35. dxe6 fxe6 36. Rd1 Bd4 37. Qxe6 Rg7 38. Nxd4 cxd4 39. c5 Qh7+ 40. Ka1 Rg6 41. Qc8+ Kb5 42. cxb6 Rxb6 43. a4+ Kxa4 44. Rxd4+ Rb4 45. Qc6+ Kb3 46. Qc3+ Ka4 47. b3+ Kb5 48. Rd5+ Kb6 49. Qf6+ Kb7 50. Rxa5 Rb6 51. Qf3+ Rc6 52. Rc5 Qh8+ 53. Ka2 Qa8+ 54. Kb1 Qa1+ 55. Kxa1 1-0

[Event "CZE-chT2E 1314"]
[Site "Czech Republic"]
[Date "2013.11.17"]
[Round "2.8"]
[White "Vavra, Antonin"]
[Black "Kozojed, Vlastislav"]
[Result "0-1"]
[WhiteElo "1923"]
[BlackElo "1897"]
[PlyCount "80"]
[EventDate "2013.11.03"]
[EventType "team-tourn"]
[EventRounds "11"]
[EventCountry "CZE"]
[SourceTitle "EXT 2016"]
[Source "ChessBase"]
[SourceDate "2015.10.08"]
[SourceVersion "1"]
[SourceVersionDate "2015.10.08"]
[SourceQuality "1"]
[WhiteTeam "Stare Mesto II"]
[BlackTeam "Napajedla"]
[WhiteTeamCountry "CZE"]
[BlackTeamCountry "CZE"]

1. e4 c5 2. b4 cxb4 3. d4 Nf6 4. e5 Nd5 5. Bc4 e6 6. Bxd5 exd5 7. Qf3 Qc7 8. Ne2 b6 9. 0-0 Bb7 10. c3 d6 11. Bf4 dxe5 12. Bxe5 Qd7 13. cxb4 Nc6 14. Qb3 f6 15. Bf4 Bxb4 16. a3 Be7 17. Nbc3 Na5 18. Qa2 0-0 19. Rfe1 g5 20. Bg3 Nc4 21. a4 Kg7 22. h3 a6 23. Rad1 Rfe8 24. Qb1 Bc6 25. Qb3 h5 26. h4 Bd6 27. Bxd6 Qxd6 28. Ng3 Qd7 29. hxg5 fxg5 30. Nxh5+ Kg6 31. Ng3 Kg7 32. Qb4 Rxe1+ 33. Rxe1 Re8 34. Ra1 Qe6 35. Qb1 Bd7 36. Qd3 Qf7 37. Nd1 Re1+ 38. Nf1 Qf4 39. Qc3 Qd2 40. Qb3 Qe2 0-1

[Event "CZE-chT2E 1213"]
[Site "Czech Republic"]
[Date "2013.03.03"]
[Round "10.5"]
[White "Vavra, Antonin"]
[Black "Vidlar, Pavel"]
[Result "1/2-1/2"]
[WhiteElo "1962"]
[BlackElo "1924"]
[PlyCount "20"]
[EventDate "2012.10.14"]
[EventType "team-tourn"]
[EventRounds "11"]
[EventCountry "CZE"]
[SourceTitle "EXT 2016"]
[Source "ChessBase"]
[SourceDate "2015.10.08"]
[SourceVersion "1"]
[SourceVersionDate "2015.10.08"]
[SourceQuality "1"]
[WhiteTeam "Stare Mesto III"]
[BlackTeam "Napajedla"]
[WhiteTeamCountry "CZE"]
[BlackTeamCountry "CZE"]

1. e4 d5 2. exd5 Qxd5 3. Nc3 Qd8 4. d4 Nf6 5. Bc4 c6 6. Nf3 Bf5 7. Bf4 e6 8. Qe2 Be7 9. 0-0-0 Nbd7 10. Ne5 Nb6 1/2-1/2

[Event "CZE-chT2E 1213"]
[Site "Czech Republic"]
[Date "2013.02.17"]
[Round "9.6"]
[White "Krupica, Pavel"]
[Black "Vavra, Antonin"]
[Result "1-0"]
[WhiteElo "1977"]
[BlackElo "1962"]
[PlyCount "67"]
[EventDate "2012.10.14"]
[EventType "team-tourn"]
[EventRounds "11"]
[EventCountry "CZE"]
[SourceTitle "EXT 2016"]
[Source "ChessBase"]
[SourceDate "2015.10.08"]
[SourceVersion "1"]
[SourceVersionDate "2015.10.08"]
[SourceQuality "1"]
[WhiteTeam "Kurim"]
[BlackTeam "Stare Mesto III"]
[WhiteTeamCountry "CZE"]
[BlackTeamCountry "CZE"]

1. e4 d5 2. exd5 Qxd5 3. d4 Nf6 4. c4 Qe4+ 5. Be3 c6 6. Nf3 Ng4 7. Qd2 Nxe3 8. fxe3 e6 9. Bd3 Qg4 10. 0-0 Bd6 11. Nc3 0-0 12. Rf2 f5 13. Raf1 Nd7 14. e4 Bf4 15. Qe2 Nf6 16. e5 Nh5 17. Qe1 Bh6 18. Bb1 Nf4 19. Rc2 Bd7 20. Nd1 g5 21. Ne3 Qh5 22. d5 g4 23. Nd4 cxd5 24. cxd5 Nxd5 25. Nxd5 exd5 26. Rc7 Bc8 27. e6 f4 28. Bxh7+ Kh8 29. Nf5 Rxf5 30. Bxf5 Qxf5 31. Qc3+ d4 32. Qxd4+ Kg8 33. Qd8+ Bf8 34. e7 1-0

[Event "CZE-chT2E 1213"]
[Site "Czech Republic"]
[Date "2013.02.03"]
[Round "8.3"]
[White "Rehurek, Lukas"]
[Black "Vavra, Antonin"]
[Result "1-0"]
[WhiteElo "2163"]
[BlackElo "1962"]
[PlyCount "63"]
[EventDate "2012.10.14"]
[EventType "team-tourn"]
[EventRounds "11"]
[EventCountry "CZE"]
[SourceTitle "EXT 2016"]
[Source "ChessBase"]
[SourceDate "2015.10.08"]
[SourceVersion "1"]
[SourceVersionDate "2015.10.08"]
[SourceQuality "1"]
[WhiteTeam "Brno Moravska Slavia"]
[BlackTeam "Stare Mesto III"]
[WhiteTeamCountry "CZE"]
[BlackTeamCountry "CZE"]

1. e4 d6 2. d4 Nf6 3. Nc3 Nbd7 4. f4 e5 5. Nf3 exd4 6. Qxd4 c6 7. Be3 Qa5 8. 0-0-0 Be7 9. h3 0-0 10. g4 d5 11. e5 Ne4 12. Nxe4 dxe4 13. Qxe4 Qxa2 14. Bd3 Qa1+ 15. Kd2 Qa5+ 16. Ke2 g6 17. f5 b6 18. Qf4 Re8 19. e6 fxe6 20. fxg6 hxg6 21. Qh6 Nf8 22. Bd4 e5 23. Bc4+ Be6 24. Bxe6+ Nxe6 25. Bxe5 Bf8 26. Qh8+ Kf7 27. Rd7+ Re7 28. Rxe7+ Bxe7 29. Qxa8 Qb5+ 30. Kf2 Nc5 31. Re1 Qc4 32. Bc3 1-0

[Event "CZE-chT2E 1213"]
[Site "Czech Republic"]
[Date "2013.01.20"]
[Round "7.5"]
[White "Vavra, Antonin"]
[Black "Mlynek, Petr"]
[Result "1/2-1/2"]
[WhiteElo "1962"]
[BlackElo "2155"]
[PlyCount "76"]
[EventDate "2012.10.14"]
[EventType "team-tourn"]
[EventRounds "11"]
[EventCountry "CZE"]
[SourceTitle "EXT 2016"]
[Source "ChessBase"]
[SourceDate "2015.10.08"]
[SourceVersion "1"]
[SourceVersionDate "2015.10.08"]
[SourceQuality "1"]
[WhiteTeam "Stare Mesto III"]
[BlackTeam "Brno Duras II"]
[WhiteTeamCountry "CZE"]
[BlackTeamCountry "CZE"]

1. e4 c6 2. d4 d5 3. Nd2 dxe4 4. Nxe4 Nd7 5. Bc4 Ngf6 6. Nxf6+ Nxf6 7. Nf3 Bf5 8. c3 e6 9. 0-0 Bd6 10. Re1 0-0 11. h3 Qc7 12. Nh4 Bg6 13. Nxg6 hxg6 14. Qf3 c5 15. dxc5 Bxc5 16. Bb3 a5 17. Rb1 Rfd8 18. Bg5 a4 19. Bc2 Rd5 20. Bf4 Qd7 21. Red1 b5 22. Rxd5 Qxd5 23. Qxd5 Nxd5 24. Bd2 Nb6 25. Rd1 Kf8 26. Kf1 Ke7 27. Bc1 a3 28. b3 Nd5 29. Bd2 Rc8 30. Bd3 b4 31. c4 Nc3 32. Bxc3 bxc3 33. Bc2 Rc6 34. Ke2 Rd6 35. Rd3 Bb4 36. f3 e5 37. Ke3 Bc5+ 38. Ke2 Bb4 1/2-1/2

[Event "Slovacky op"]
[Site "Stare Mesto"]
[Date "2011.05.20"]
[Round "4.10"]
[White "Vavra, Antonin"]
[Black "Stuchly, Ondrej"]
[Result "1-0"]
[WhiteElo "1928"]
[BlackElo "1594"]
[PlyCount "59"]
[EventDate "2011.04.29"]
[EventType "swiss"]
[EventRounds "8"]
[EventCountry "CZE"]
[SourceTitle "EXT 2012"]
[Source "ChessBase"]
[SourceDate "2011.11.24"]
[SourceVersion "1"]
[SourceVersionDate "2011.11.24"]
[SourceQuality "1"]

1. e4 e5 2. Nf3 Nc6 3. Bb5 a6 4. Ba4 d6 5. c3 f5 6. d3 Nf6 7. Bg5 Be7 8. Bxf6 Bxf6 9. Nbd2 0-0 10. Bxc6 bxc6 11. Qa4 Qe8 12. 0-0-0 Bd7 13. h3 Rb8 14. Rde1 fxe4 15. Nxe4 Qc8 16. Re2 Qb7 17. Qa3 Qc8 18. c4 Qb7 19. c5 Be7 20. Qc3 Qb5 21. Rc2 d5 22. Ng3 Bf6 23. Nxe5 Bxe5 24. Qxe5 Qxd3 25. Rd1 Qb5 26. Nh5 Rf7 27. g4 Re8 28. Qc3 Re2 29. Rcd2 Rfe7 30. a4 1-0

[Event "Slovacky op"]
[Site "Stare Mesto"]
[Date "2011.05.13"]
[Round "3.12"]
[White "Burda, Josef"]
[Black "Vavra, Antonin"]
[Result "0-1"]
[WhiteElo "1934"]
[BlackElo "1928"]
[PlyCount "92"]
[EventDate "2011.04.29"]
[EventType "swiss"]
[EventRounds "8"]
[EventCountry "CZE"]
[SourceTitle "EXT 2012"]
[Source "ChessBase"]
[SourceDate "2011.11.24"]
[SourceVersion "1"]
[SourceVersionDate "2011.11.24"]
[SourceQuality "1"]

1. c4 Nf6 2. g3 c5 3. Bg2 d5 4. cxd5 Nxd5 5. Nc3 Nc7 6. Qa4+ Qd7 7. Qc4 e6 8. Nf3 Nc6 9. 0-0 Be7 10. Rd1 e5 11. e3 Qe6 12. b3 0-0 13. Ba3 Rb8 14. d4 Qxc4 15. bxc4 exd4 16. exd4 Na5 17. Nd5 Nxd5 18. cxd5 b6 19. Rac1 Nb7 20. Ne5 Bd6 21. Nc4 Be7 22. Re1 Bf6 23. Ne5 Bf5 24. Nc6 Rbe8 25. dxc5 Nxc5 26. Bxc5 bxc5 27. d6 Rxe1+ 28. Rxe1 Be6 29. f4 g6 30. Rd1 Bd7 31. Nxa7 c4 32. Bc6 Bg4 33. Rc1 Bd4+ 34. Kf1 Bxa7 35. Rxc4 Be6 36. Rc3 Bh3+ 37. Ke2 Be6 38. a4 Rd8 39. d7 Bxd7 40. Bxd7 Rxd7 41. Rc2 f5 42. h3 Kg7 43. g4 h5 44. Rc4 Rd4 45. Rxd4 Bxd4 46. Kd3 Bf6 0-1

[Event "CZE-chT2E 1011"]
[Site "Czech Republic"]
[Date "2011.04.10"]
[Round "11.8"]
[White "Vavra, Antonin"]
[Black "Kuchynka, Lubos"]
[Result "1/2-1/2"]
[WhiteElo "1928"]
[BlackElo "2021"]
[PlyCount "55"]
[EventDate "2010.10.17"]
[EventType "team-tourn"]
[EventRounds "11"]
[EventCountry "CZE"]
[SourceTitle "EXT 2012"]
[Source "ChessBase"]
[SourceDate "2011.11.24"]
[SourceVersion "1"]
[SourceVersionDate "2011.11.24"]
[SourceQuality "1"]
[WhiteTeam "Stare Mesto II"]
[BlackTeam "Hustopece"]
[WhiteTeamCountry "CZE"]
[BlackTeamCountry "CZE"]

1. e4 c5 2. Nf3 d6 3. d4 cxd4 4. Nxd4 Nf6 5. Nc3 g6 6. Be3 Bg7 7. Be2 Nc6 8. 0-0 0-0 9. Qd2 d5 10. Nxc6 bxc6 11. Rfd1 Be6 12. exd5 cxd5 13. Bd4 a5 14. a4 Qb8 15. f3 Rd8 16. Nb5 Bc8 17. Qe3 Ra6 18. Na7 Re6 19. Qd2 Ba6 20. Bb5 Qc7 21. Bxa6 Rxa6 22. Nb5 Qb8 23. Re1 e6 24. Kh1 Rc8 25. Ra3 Nd7 26. Bxg7 Kxg7 27. Rc3 Rxc3 28. Qxc3+ 1/2-1/2

[Event "CZE-chT2E 1011"]
[Site "Czech Republic"]
[Date "2011.03.27"]
[Round "10.8"]
[White "Uricar, Zdenek"]
[Black "Vavra, Antonin"]
[Result "1-0"]
[WhiteElo "2020"]
[BlackElo "1928"]
[PlyCount "160"]
[EventDate "2010.10.17"]
[EventType "team-tourn"]
[EventRounds "11"]
[EventCountry "CZE"]
[SourceTitle "EXT 2012"]
[Source "ChessBase"]
[SourceDate "2011.11.24"]
[SourceVersion "1"]
[SourceVersionDate "2011.11.24"]
[SourceQuality "1"]
[WhiteTeam "Veseli nad Moravou"]
[BlackTeam "Stare Mesto II"]
[WhiteTeamCountry "CZE"]
[BlackTeamCountry "CZE"]

1. e4 c5 2. Nf3 d6 3. Bb5+ Bd7 4. Bxd7+ Qxd7 5. c4 g6 6. 0-0 Bg7 7. d4 cxd4 8. Nxd4 Nf6 9. Nc3 0-0 10. f3 Rc8 11. b3 Nc6 12. Be3 Ne8 13. Rc1 Nc7 14. Qd2 Rd8 15. Rfd1 Nxd4 16. Bxd4 Bxd4+ 17. Qxd4 Ne6 18. Qe3 Qc6 19. Nd5 Rd7 20. Kf2 b6 21. Rc3 Rad8 22. Rcd3 Qc5 23. Qxc5 Nxc5 24. R3d2 f6 25. Ke3 Kf7 26. h4 e6 27. Nb4 Nb7 28. f4 Rc7 29. g4 a5 30. Nc2 Ke7 31. Na3 Rcc8 32. Nb5 Rc5 33. Nc3 f5 34. g5 Rh8 35. e5 Rd8 36. Na4 Rc6 37. exd6+ Rdxd6 38. Rxd6 Nxd6 39. h5 b5 40. cxb5 Nxb5 41. hxg6 hxg6 42. Rh1 Rc2 43. Rh7+ Kf8 44. Rb7 Nc7 45. Kd3 Rc6 46. Kd4 Ke7 47. Nb6 Rc1 48. Nc4 Rd1+ 49. Kc5 Kd8 50. Rb8+ Ke7 51. Rb7 Kd8 52. Ne5 Rc1+ 53. Nc4 Nd5 54. Kd6 Ke8 55. Ne5 Kf8 56. Nxg6+ Ke8 57. Rb8+ Kf7 58. Ne5+ Kg7 59. Rb7+ Kg8 60. Ng6 Ne3 61. Ra7 a4 62. Rxa4 Kh7 63. Ne5 Ng2 64. Kxe6 Ne3 65. Ra7+ Kg8 66. b4 Rf1 67. Ng6 Rc1 68. b5 Rc5 69. a4 Nd5 70. Ne7+ Nxe7 71. Rxe7 Rc4 72. Kxf5 Rxa4 73. g6 Rb4 74. Rb7 Rc4 75. Kg5 Rc5+ 76. f5 Rc1 77. Kf6 Rc8 78. Kg5 Rc1 79. b6 Rg1+ 80. Kf6 Rxg6+ 1-0

[Event "CZE-chT2E 0910"]
[Site "Czech Republic"]
[Date "2010.01.17"]
[Round "5.7"]
[White "Vavra, Antonin"]
[Black "Sedy, Ctirad"]
[Result "1/2-1/2"]
[WhiteElo "1973"]
[BlackElo "1927"]
[PlyCount "38"]
[EventDate "2009.10.18"]
[EventType "team-tourn"]
[EventRounds "11"]
[EventCountry "CZE"]
[SourceTitle "EXT 2012"]
[Source "ChessBase"]
[SourceDate "2011.11.24"]
[SourceVersion "1"]
[SourceVersionDate "2011.11.24"]
[SourceQuality "1"]
[WhiteTeam "Stare Mesto III"]
[BlackTeam "Hustopece"]
[WhiteTeamCountry "CZE"]
[BlackTeamCountry "CZE"]

1. c4 c6 2. Nf3 d5 3. e3 Bg4 4. Qb3 Qb6 5. Qxb6 axb6 6. cxd5 Bxf3 7. gxf3 cxd5 8. Nc3 e6 9. Nb5 Kd7 10. Rg1 g6 11. a3 Nc6 12. Rb1 Nge7 13. b3 Bg7 14. d4 Rhc8 15. Bd2 Na5 16. Bd3 Bf8 17. Ke2 Nf5 18. a4 Nc6 19. Rgc1 Nd6 1/2-1/2

[Event "CZE-chT2E 0809"]
[Site "Czech Republic"]
[Date "2008.11.09"]
[Round "2.7"]
[White "Vavra, Antonin"]
[Black "Fuksik, Jakub"]
[Result "0-1"]
[WhiteElo "2036"]
[BlackElo "2143"]
[PlyCount "82"]
[EventDate "2008.10.12"]
[EventType "team-tourn"]
[EventRounds "11"]
[EventCountry "CZE"]
[SourceTitle "EXT 2010"]
[Source "ChessBase"]
[SourceDate "2010.11.25"]
[SourceVersion "1"]
[SourceVersionDate "2010.11.25"]
[SourceQuality "1"]
[WhiteTeam "Stare Mesto III"]
[BlackTeam "Grygov II"]
[WhiteTeamCountry "CZE"]
[BlackTeamCountry "CZE"]

1. c4 e5 2. Nc3 Bb4 3. Qc2 Nf6 4. Nf3 Nc6 5. a3 Bxc3 6. Qxc3 d6 7. d3 h6 8. g3 0-0 9. Bg2 Re8 10. e4 a5 11. h3 a4 12. Be3 Nd7 13. g4 Nc5 14. 0-0 Qe7 15. Rfe1 g5 16. Rad1 Qf6 17. Qc1 Ne6 18. Nh2 Nf4 19. Nf1 h5 20. f3 Nd4 21. Bxd4 exd4 22. Qd2 Qe5 23. Qf2 h4 24. Qd2 Ra6 25. Rc1 Rb6 26. Nh2 Rb3 27. Bf1 Bd7 28. Rc2 Ne6 29. Qf2 Qg3+ 30. Kh1 Nf4 31. Rd1 c5 32. Rcd2 b5 33. Qg1 Rb8 34. Bg2 Nxh3 35. Bxh3 Qxh3 36. Qf2 bxc4 37. dxc4 Be6 38. Qe2 Re3 39. Qf2 Rbb3 40. Qg2 Rxf3 41. Rg1 Bxc4 0-1

[Event "Stare Mesto op"]
[Site "Stare Mesto"]
[Date "2008.08.15"]
[Round "9"]
[White "Roubalik, Jakub"]
[Black "Vavra, Antonin"]
[Result "1-0"]
[WhiteElo "2168"]
[BlackElo "2029"]
[PlyCount "111"]
[EventDate "2008.08.08"]
[EventType "swiss"]
[EventRounds "10"]
[EventCountry "CZE"]
[SourceTitle "CBM 125 Extra"]
[Source "ChessBase"]
[SourceDate "2008.09.01"]
[SourceVersion "1"]
[SourceVersionDate "2008.09.01"]
[SourceQuality "1"]

1. c4 e5 2. Nc3 Nf6 3. Nf3 Nc6 4. e3 h6 5. Qc2 b6 6. a3 d6 7. Be2 Be7 8. 0-0 0-0 9. d4 Bd7 10. Rd1 Qc8 11. dxe5 Nxe5 12. Nd4 Re8 13. f4 Ng6 14. h3 a6 15. Bf3 Rb8 16. Nc6 Nh4 17. Nxb8 Nxf3+ 18. gxf3 Qxb8 19. Kh2 Qc8 20. Qg2 Kh7 21. e4 c6 22. Be3 b5 23. cxb5 axb5 24. Rac1 Qb8 25. Ne2 d5 26. e5 Nh5 27. Ng3 Nxg3 28. Qxg3 g6 29. f5 Bxf5 30. Rxc6 Qd8 31. Bb6 Qa8 32. Rc3 Bd8 33. h4 h5 34. Qf4 Kg7 35. Be3 Rh8 36. Qg3 Re8 37. Qf4 Rh8 38. Rdc1 b4 39. axb4 Qa6 40. R1c2 Bd7 41. Bd4 Qe6 42. Qg3 Kh7 43. Ra3 Qf5 44. Rc1 Rg8 45. f4 Be7 46. Bc5 Bd8 47. Ra7 Re8 48. Bd6 Be6 49. Rb7 Kg8 50. Rb8 Bd7 51. b5 Kh7 52. b6 g5 53. hxg5 Kg7 54. Rxd8 Rxd8 55. b7 h4 56. Qf3 1-0

[Event "Stare Mesto op"]
[Site "Stare Mesto"]
[Date "2008.08.09"]
[Round "2"]
[White "Vavra, Antonin"]
[Black "Brokken, Dennis"]
[Result "0-1"]
[WhiteElo "2029"]
[BlackElo "2266"]
[PlyCount "72"]
[EventDate "2008.08.08"]
[EventType "swiss"]
[EventRounds "10"]
[EventCountry "CZE"]
[SourceTitle "CBM 125 Extra"]
[Source "ChessBase"]
[SourceDate "2008.09.01"]
[SourceVersion "1"]
[SourceVersionDate "2008.09.01"]
[SourceQuality "1"]

1. Nf3 d5 2. c4 c6 3. b3 Nf6 4. Bb2 Bg4 5. Ne5 Bf5 6. d3 e6 7. a3 Bd6 8. Nd2 Nbd7 9. Nxd7 Qxd7 10. g3 e5 11. h3 h5 12. Bg2 d4 13. Qc2 0-0 14. 0-0-0 Bh7 15. Rdg1 Qe7 16. a4 Bb4 17. f3 Nd7 18. Qd1 Nc5 19. Ne4 Nxe4 20. fxe4 b5 21. Kc2 bxa4 22. bxa4 Rab8 23. Qa1 Qg5 24. Bc1 Qg6 25. g4 Bc3 26. Qa2 h4 27. Ba3 Qh6 28. Rd1 Rfc8 29. c5 Kh8 30. Rhf1 f6 31. Bc1 g5 32. Qf7 Rf8 33. Qc7 Bg8 34. Ba3 Bb3+ 35. Kc1 Bxd1 36. Rxd1 Rb3 0-1